banner koha

Variacao sazonal na captura de lula (Doryteuthis plei Blainville, 1823)no sudeste do Brasil, utilizando atracao luminosa e rede corredica (Registro n. 133339)

MARC details
000 -LÍDER
campo de controle de tamanho fixo 01158nas a2200313 4500
001 - NÚMERO DE CONTROLE
campo de controle BR9203996
003 - IDENTIFICADOR DO NÚMERO DE CONTROLE
campo de controle BR-BrBNA
005 - DATA E HORÁRIO DA ÚLTIMA TRANSAÇÃO
campo de controle 20231205092657.0
007 - CAMPO FIXO DE DESCRIÇÃO FÍSICA--INFORMAÇÃO GERAL
campo de controle de tamanho fixo ta
008 - CAMPO DE DADOS FIXOS--INFORMAÇÃO GERAL
campo de controle de tamanho fixo 230509b bl.|||p| |||| 00| 00por d
040 ## - FONTE DA CATALOGAÇÃO
Instituição da catalogação original BR-BrBNA
Idioma da catalogação por
Instituição que transcreveu o registro Biblioteca Nacional de Agricultura
041 ## - CÓDIGO DE IDIOMA
Código do idioma do texto/trilha sonora ou título diferente (Pt)
072 ## - CÓDIGO DE CATEGORIA DE ASSUNTO
Código de Categoria de Assunto M11
100 1# - ENTRADA PRINCIPAL--NOME PESSOAL
Nome pessoal Grassi, R.T.B.
100 1# - ENTRADA PRINCIPAL--NOME PESSOAL
Nome pessoal Santos, R.A. dos
100 1# - ENTRADA PRINCIPAL--NOME PESSOAL
Nome pessoal Seckendorff, R.W. von
100 1# - ENTRADA PRINCIPAL--NOME PESSOAL
Nome pessoal Mandelli Junior, J.
100 1# - ENTRADA PRINCIPAL--NOME PESSOAL
Nome pessoal Camara, J.J.C. da
100 1# - ENTRADA PRINCIPAL--NOME PESSOAL
Nome pessoal Campos, E.C.
245 1# - TÍTULO
Título Variacao sazonal na captura de lula (Doryteuthis plei Blainville, 1823)no sudeste do Brasil, utilizando atracao luminosa e rede corredica
246 1# - FORMA VARIANTE DO TÍTULO
Título/título abreviado Seasonal variation on the catch os squids (Doryteuthis plei Blainville, 1823)in the southeastern region of Brazil, employing light attraction and sliding net
650 ## - ASSUNTO--TERMO TÓPICO
Cabeçalho tópico ou nome geográfico LULA
650 ## - ASSUNTO--TERMO TÓPICO
Cabeçalho tópico ou nome geográfico CAPTURA
650 ## - ASSUNTO--TERMO TÓPICO
Cabeçalho tópico ou nome geográfico ARMADILHA LUMINOSA
650 ## - ASSUNTO--TERMO TÓPICO
Cabeçalho tópico ou nome geográfico REGIAO SUDESTE
773 0# - ENTRADA ANALÍTICA
Título Brazilian Journal of Veterinary Research and Animal Science (Brazil)
ISSN - International Standard Serial Number ISSN 0303-7525
Partes relacionadas (1990), v. 27(2) p. 259-265
Número de controle do registro BR9203996
909 ## -
-- 202311
-- Lúcia
-- 55
-- Lúcia Elande
942 ## - ELEMENTOS DE ENTRADA ADICIONADOS (KOHA)
Fonte da classificação ou esquema de arquivamento na estante Classificação AGRIS
Ocultar no OPAC Não
Tipo de material Koha Analítica
Exemplares
Situação do descarte Fonte da classificação ou esquema de arquivamento na estante Situação física Não pode ser emprestado Biblioteca de origem Biblioteca atual Localização na estante Enumeração do periódico / cronologia Total de empréstimos Data de último acesso Número do exemplar Tipo de material Koha Fonte de aquisição
  Classificação AGRIS   Consulta local Biblioteca Nacional de Agricultura - Binagri Biblioteca Nacional de Agricultura - Binagri   (1990), v. 27(2) p. 259-265   29/11/2023 01 Periódicos Portaria Interministerial nº 164/94

BINAGRI

Telefone: (61)3218-2567/2388/3357/2097 - binagri@agro.gov.br

Ministério da Agricultura e Pecuária , Esplanada dos Ministérios, Bloco D, Anexo B, Brasília/DF, CEP: 70.043-900